000
00215nam a22000857a 4500
001
1256169
005
20251222122151.0
245
_a
KOCAKAFA NATE - TEKRAR SAHNEDE
_c
LİNCOLN PEİRCE
260
_b
ALTIN KİTAPLAR YAYINLARI
999
_c
1256169
_d
1256169